ბათუმის შოთა რუსთაველის სახელმწიფო უნივერსიტეტის ბიბლიოთეკა

გამოყენებითი მექანიკა. (ბიბ.ჩანაწერი № 35488)

000 -LEADER
fixed length control field 00780nam a2200229Ia 4500
001 - CONTROL NUMBER
control field 1347
003 - CONTROL NUMBER IDENTIFIER
control field GE_BSU
008 - FIXED-LENGTH DATA ELEMENTS--GENERAL INFORMATION
fixed length control field 181216s||||||||xx |||||||||||||| ||und||
020 ## - INTERNATIONAL STANDARD BOOK NUMBER
International Standard Book Number 9789941409806
040 ## - CATALOGING SOURCE
Transcribing agency GE_BSU
080 ## - UNIVERSAL DECIMAL CLASSIFICATION NUMBER
Universal Decimal Classification number 621.01(075.8)
100 ## - MAIN ENTRY--PERSONAL NAME
Personal name ჩხაიძე,ვლ;აბუსელიძე,ფ;ბექირიშვილი,მ;
245 ## - TITLE STATEMENT
Title გამოყენებითი მექანიკა.
245 ## - TITLE STATEMENT
Remainder of title სახელმძღვანელო.
260 ## - PUBLICATION, DISTRIBUTION, ETC.
Place of publication, distribution, etc. ბათუმი
260 ## - PUBLICATION, DISTRIBUTION, ETC.
Name of publisher, distributor, etc. შოთარუსთაველის სახ უნ–ტი
260 ## - PUBLICATION, DISTRIBUTION, ETC.
Date of publication, distribution, etc. 2009
300 ## - PHYSICAL DESCRIPTION
Extent 298 გვ. 20 სმ.
653 ## - INDEX TERM--UNCONTROLLED
Uncontrolled term გამოყენებითი მექანიკა
942 ## - ADDED ENTRY ELEMENTS (KOHA)
Koha item type წიგნი
ეგზემპლარები
Withdrawn status Lost status Damaged status Not for loan Date acquired Barcode Date last seen Price effective from Koha item type
        2018-12-17 2839 2018-12-17 2018-12-17 წიგნი